00623nam a2200181 i 450000100060000000300090000600500170001500700030003200800410003510000360007624500840011225000130019626000420020930000200025185200320027199900170030395201210032039005ES-MaACL20230906155854.0t|030227s1940 sp ||||1| spa d1 aBusquets Gorina, José.93284710aCálculo comercial / cresumen de las explicaciones de José Busquets Gorina. a12ª ed. aBarcelona : bLibreria Bosch, c1940. a1 v. ; c23 cm. aES-MaACLjF-15272 bR.18881 c39005d39005 00104070aATENEOMbATENEOMcSPP2d2008-01-17eSCl0oF-15272p1041075r2023-02-23 00:00:00w2023-02-23yMONOGRAFIA